[Event "Olimpiada de Khanty-Mansiysk 2010"]
[Site "Khanty-Mansiysk RUS"]
[Date "2010.09.30"]
[Round "9"]
[White "Pancevski, Filip"]
[Black "Samakov, Nurdin"]
[Result "0-1"]
[WhiteElo "2410"]
[BlackElo "2356"]
[PlyCount "150"]
[EventDate "2010.09.21"]
[EventType "team"]
[EventRounds "11"]
[EventCountry "RUS"]
[Source "lmi"]
[SourceDate "2010.09.21"]
[WhiteTeam "MKD"]
[BlackTeam "Kyrgyzstan"]
[BlackTeamCountry "KGZ"]

1. e4 e5 2. Nf3 Nc6 3. Bc4 Nf6 4. d3 Bc5 5. O-O d6 6. a4 a6 7. c3 Ba7 8. Nbd2
O-O 9. a5 h6 10. Re1 Ng4 11. Re2 Kh8 12. h3 Nf6 13. Nf1 Nh5 14. Be3 f5 15. exf5
Bxf5 16. Qb3 Qd7 17. N1h2 Bxe3 18. fxe3 Ng3 19. Rf2 e4 20. Nd4 Nxd4 21. cxd4 c6
22. Nf1 Nh5 23. Qd1 Nf6 24. Ng3 Bh7 25. dxe4 Nxe4 26. Nxe4 Bxe4 27. Rxf8+ Rxf8
28. Qg4 Qxg4 29. hxg4 g6 30. Rd1 Kg7 31. b4 Kf6 32. Kf2 Kg5+ 33. Kg3 d5 34. Be2
Rf7 35. Bf3 Re7 36. Kf2 Bc2 37. Rd2 Be4 38. Ke2 Re8 39. Rd1 Bc2 40. Rc1 Be4 41.
Kd2 Re7 42. Rf1 Rf7 43. Ke2 Bc2 44. Kd2 Be4 45. Kc3 Rf6 46. Kd2 Rf7 47. Ke2 Bc2
48. Rc1 Be4 49. Rc5 Kh4 50. Kf2 h5 51. gxh5 g5 52. Ke2 Bh7 53. Ke1 g4 54. Be2
Be4 55. h6 Bxg2 56. b5 axb5 57. a6 bxa6 58. Bd3 Be4 59. Bxe4 dxe4 60. Rxc6 Kg5
61. h7 Rxh7 62. Kf2 Rf7+ 63. Kg2 Rf3 64. Rxa6 Rxe3 65. Rb6 Rb3 66. d5 Kf5 67.
Rh6 b4 68. d6 Rd3 69. Rh5+ Kf4 70. Rb5 Rxd6 71. Rxb4 Rd2+ 72. Kg1 Kf3 73. Rb1
g3 74. Rf1+ Rf2 75. Ra1 g2 0-1

[Event "Olimpiada de Khanty-Mansiysk 2010"]
[Site "Khanty-Mansiysk RUS"]
[Date "2010.09.30"]
[Round "9"]
[White "Patriarca, Luis Carlos"]
[Black "Gallagher, Joseph"]
[Result "0-1"]
[WhiteElo "2308"]
[BlackElo "2517"]
[PlyCount "106"]
[EventDate "2010.09.21"]
[EventType "team"]
[EventRounds "11"]
[EventCountry "RUS"]
[Source "lmi"]
[SourceDate "2010.09.21"]
[WhiteTeam "Paraguay"]
[BlackTeam "Suiza"]
[WhiteTeamCountry "PAR"]
[BlackTeamCountry "SUI"]

1. d4 Nf6 2. c4 g6 3. Nc3 Bg7 4. g3 O-O 5. Bg2 d6 6. e3 e5 7. Nge2 Qe7 8. O-O
Re8 9. b3 c6 10. Ba3 e4 11. h3 h5 12. Kh2 Bf5 13. Qd2 Nbd7 14. Rae1 Nf8 15. Ng1
N8h7 16. Rc1 Ng5 17. Nce2 Rad8 18. Qa5 b6 19. Qa4 c5 20. b4 Bd7 21. Qb3 Bc6 22.
Rfd1 Nf3+ 23. Kh1 Rb8 24. Rb1 Rbc8 25. bxc5 bxc5 26. dxc5 dxc5 27. Nd4 Ne5 28.
Nxc6 Rxc6 29. Bf1 h4 30. Be2 hxg3 31. fxg3 Nd3 32. Kg2 Qe5 33. Bxd3 exd3 34.
Qxd3 Nh5 35. e4 Qxe4+ 36. Qxe4 Rxe4 37. Rb8+ Kh7 38. Rd7 Rxc4 39. Rxf7 Rc2+ 40.
Rf2 Rxf2+ 41. Kxf2 Bd4+ 42. Kg2 Ra6 43. Rb3 c4 44. Rf3 c3 45. Ne2 Rxa3 46. Nxd4
Rxa2+ 47. Rf2 Rb2 48. Kf3 a5 49. Rf1 Rd2 50. Ke3 Nxg3 51. Rf7+ Kh6 52. Rc7 a4
53. Ra7 Rxd4 0-1

[Event "Olimpiada de Khanty-Mansiysk 2010"]
[Site "Khanty-Mansiysk RUS"]
[Date "2010.09.30"]
[Round "9"]
[White "Kurmann, Oliver"]
[Black "Vazquez, Guillermo"]
[Result "1-0"]
[WhiteElo "2452"]
[BlackElo "2166"]
[PlyCount "59"]
[EventDate "2010.09.21"]
[EventType "team"]
[EventRounds "11"]
[EventCountry "RUS"]
[Source "lmi"]
[SourceDate "2010.09.21"]
[WhiteTeam "Suiza"]
[BlackTeam "Paraguay"]
[WhiteTeamCountry "SUI"]
[BlackTeamCountry "PAR"]

1. e4 c5 2. Nf3 d6 3. d4 cxd4 4. Nxd4 Nf6 5. Nc3 Nc6 6. Bg5 e6 7. Qd2 Be7 8.
O-O-O O-O 9. f4 h6 10. h4 Nxd4 11. Qxd4 hxg5 12. hxg5 Ng4 13. Qd2 e5 14. g3 g6
15. Rh4 Kg7 16. Be2 Nf2 17. Rf1 Nh3 18. Rh1 Rh8 19. Rxh8 Qxh8 20. Nd5 Qd8 21.
Bf1 Nxg5 22. Qh2 Bf6 23. Qh6+ Kg8 24. Nxf6+ Qxf6 25. fxg5 Qg7 26. Bc4 Qxh6 27.
gxh6 Be6 28. Bxe6 fxe6 29. Rf1 Rf8 30. h7+ 1-0

[Event "Olimpiada de Khanty-Mansiysk 2010"]
[Site "Khanty-Mansiysk RUS"]
[Date "2010.09.30"]
[Round "9"]
[White "Sveshnikov, Evgeny"]
[Black "Iordachescu, Viorel"]
[Result "1/2-1/2"]
[WhiteElo "2494"]
[BlackElo "2632"]
[PlyCount "33"]
[EventDate "2010.09.21"]
[EventType "team"]
[EventRounds "11"]
[EventCountry "RUS"]
[Source "lmi"]
[SourceDate "2010.09.21"]
[WhiteTeam "Letonia"]
[BlackTeam "Moldavia"]
[WhiteTeamCountry "LAT"]
[BlackTeamCountry "MDA"]

1. e4 c6 2. d4 d5 3. exd5 cxd5 4. Nf3 Nc6 5. c4 Nf6 6. Nc3 g6 7. cxd5 Nxd5 8.
Qb3 Nxc3 9. Bc4 Nd5 10. Bxd5 e6 11. Bxc6+ bxc6 12. O-O Qd5 13. Qc3 Bg7 14. Qa3
Bf8 15. Qc3 Bg7 16. Qa3 Bf8 17. Qc3 1/2-1/2

[Event "Olimpiada de Khanty-Mansiysk 2010"]
[Site "Khanty-Mansiysk RUS"]
[Date "2010.09.30"]
[Round "9"]
[White "Hamitevici, Vladimir"]
[Black "Meijers, Viesturs"]
[Result "1/2-1/2"]
[WhiteElo "2415"]
[BlackElo "2502"]
[PlyCount "118"]
[EventDate "2010.09.21"]
[EventType "team"]
[EventRounds "11"]
[EventCountry "RUS"]
[Source "lmi"]
[SourceDate "2010.09.21"]
[WhiteTeam "Moldavia"]
[BlackTeam "Letonia"]
[WhiteTeamCountry "MDA"]
[BlackTeamCountry "LAT"]

1. d4 Nf6 2. c4 e6 3. Nf3 Bb4+ 4. Nbd2 O-O 5. a3 Be7 6. g3 d5 7. Bg2 dxc4 8.
Nxc4 c5 9. O-O b5 10. Nfe5 Nd5 11. Ne3 Bb7 12. dxc5 Bxc5 13. Nxd5 Bxd5 14. Bxd5
Qxd5 15. Qxd5 exd5 16. Rd1 Rd8 17. Bf4 f6 18. Nd3 Bb6 19. Nb4 d4 20. Bxb8 Rdxb8
21. Nd5 Rd8 22. Nxb6 axb6 23. Rac1 Ra4 24. Rc6 Rc4 25. Rxb6 Rc2 26. Rxb5 Rxe2
27. Rd3 Rc8 28. b4 Rc4 29. Rd5 Ra2 30. b5 Rb2 31. R3xd4 Rxd4 32. Rxd4 Rxb5 33.
Rb4 Rc5 34. Kg2 Rc3 35. a4 Ra3 36. h4 h5 37. Rb8+ Kh7 38. Ra8 g5 39. hxg5 fxg5
40. f4 h4 41. gxh4 gxf4 42. a5 Kg7 43. a6 Kh7 44. Kf2 Kg7 45. h5 Kh7 46. Ke2
Kg7 47. a7 Kh7 48. h6 f3+ 49. Kf2 Ra2+ 50. Kxf3 Ra1 51. Kf4 Rf1+ 52. Ke5 Re1+
53. Kd4 Rd1+ 54. Kc3 Ra1 55. Kb3 Ra5 56. Kb4 Ra1 57. Kb3 Ra5 58. Kb4 Ra1 59.
Kb3 Ra5 1/2-1/2

[Event "Olimpiada de Khanty-Mansiysk 2010"]
[Site "Khanty-Mansiysk RUS"]
[Date "2010.09.30"]
[Round "9"]
[White "Kantans, Toms"]
[Black "Svetushkin, Dmitry"]
[Result "1-0"]
[WhiteElo "2332"]
[BlackElo "2552"]
[PlyCount "63"]
[EventDate "2010.09.21"]
[EventType "team"]
[EventRounds "11"]
[EventCountry "RUS"]
[Source "lmi"]
[SourceDate "2010.09.21"]
[WhiteTeam "Letonia"]
[BlackTeam "Moldavia"]
[WhiteTeamCountry "LAT"]
[BlackTeamCountry "MDA"]

1. Nf3 Nf6 2. g3 d5 3. Bg2 e6 4. O-O b5 5. a4 b4 6. d4 c5 7. c4 bxc3 8. Nxc3
Bb7 9. Bg5 cxd4 10. Nxd4 Be7 11. Qb3 Qd7 12. Rfd1 h6 13. Bf4 O-O 14. e4 Rd8 15.
exd5 Nxd5 16. Nf5 Bf8 17. Ne3 Na6 18. Nexd5 exd5 19. Nxd5 Nc5 20. Qc2 Bxd5 21.
Rxd5 Qxd5 22. Bxd5 Rxd5 23. Rd1 Rxd1+ 24. Qxd1 a5 25. Qd5 Re8 26. Be3 Rc8 27.
b3 Be7 28. Kg2 Bf8 29. Qc4 Rc7 30. Qc3 Rc8 31. Qxa5 Nxb3 32. Qb5 1-0

[Event "Olimpiada de Khanty-Mansiysk 2010"]
[Site "Khanty-Mansiysk RUS"]
[Date "2010.09.30"]
[Round "9"]
[White "Al-Sayed, Mohammed"]
[Black "Machin, Rivera Mark"]
[Result "1-0"]
[WhiteElo "2495"]
[BlackElo "2229"]
[PlyCount "69"]
[EventDate "2010.09.21"]
[EventType "team"]
[EventRounds "11"]
[EventCountry "RUS"]
[Source "lmi"]
[SourceDate "2010.09.21"]
[WhiteTeam "Qatar"]
[BlackTeam "Puerto Rico"]
[WhiteTeamCountry "QAT"]
[BlackTeamCountry "PUR"]

1. d4 g6 2. c4 Bg7 3. Nc3 Nf6 4. e4 d6 5. Nf3 O-O 6. Be2 e5 7. Be3 Na6 8. d5
Nc5 9. Nd2 a5 10. O-O Ne8 11. b3 f5 12. f3 f4 13. Bf2 g5 14. a3 h5 15. b4 axb4
16. axb4 Rxa1 17. Qxa1 Na6 18. c5 g4 19. c6 b5 20. Rb1 g3 21. Ba7 gxh2+ 22. Kh1
h4 23. Bxb5 h3 24. gxh3 Rf6 25. Bxa6 Rg6 26. Bxc8 Qxc8 27. Rb2 Qxh3 28. Qf1 Qh6
29. Nc4 Nf6 30. Rxh2 Nh5 31. Qh3 Ng3+ 32. Qxg3 fxg3 33. Rxh6 Rxh6+ 34. Kg1 Rh2
35. b5 1-0

[Event "Olimpiada de Khanty-Mansiysk 2010"]
[Site "Khanty-Mansiysk RUS"]
[Date "2010.09.30"]
[Round "9"]
[White "Nezad, Husein Aziz"]
[Black "Ovalle, Burgos Ramon"]
[Result "1-0"]
[WhiteElo "2394"]
[BlackElo "2201"]
[PlyCount "75"]
[EventDate "2010.09.21"]
[EventType "team"]
[EventRounds "11"]
[EventCountry "RUS"]
[Source "lmi"]
[SourceDate "2010.09.21"]
[WhiteTeam "Qatar"]
[BlackTeam "Puerto Rico"]
[WhiteTeamCountry "QAT"]
[BlackTeamCountry "PUR"]

1. d4 Nf6 2. c4 g6 3. Nc3 Bg7 4. e4 d6 5. Bd3 c5 6. d5 e6 7. Nge2 exd5 8. exd5
O-O 9. Bg5 Nbd7 10. f4 Qb6 11. Qd2 Re8 12. h3 Nh5 13. O-O f5 14. g4 fxg4 15.
hxg4 Nhf6 16. f5 Nxg4 17. fxg6 h6 18. Qf4 Nde5 19. Qf7+ Nxf7 20. gxf7+ Kf8 21.
fxe8=Q+ Kxe8 22. Bg6+ Kd7 23. Rf7+ Ke8 24. Rxb7+ Kf8 25. Be7+ Kg8 26. Rxb6 axb6
27. Bxd6 Ne5 28. Bxe5 Bxe5 29. Rf1 Ra7 30. Bf5 Ba6 31. b3 Re7 32. a4 Kh8 33.
Ne4 Bb7 34. Nf4 Bd4+ 35. Kh1 Rf7 36. Be6 Rc7 37. Nd6 Ba8 38. Ng6+ 1-0

[Event "Olimpiada de Khanty-Mansiysk 2010"]
[Site "Khanty-Mansiysk RUS"]
[Date "2010.09.30"]
[Round "9"]
[White "Almedina, Ortiz Edgardo J"]
[Black "Al-Tamimi, Hamad"]
[Result "1/2-1/2"]
[WhiteElo "2197"]
[BlackElo "2250"]
[PlyCount "86"]
[EventDate "2010.09.21"]
[EventType "team"]
[EventRounds "11"]
[EventCountry "RUS"]
[Source "lmi"]
[SourceDate "2010.09.21"]
[WhiteTeam "Puerto Rico"]
[BlackTeam "Qatar"]
[WhiteTeamCountry "PUR"]
[BlackTeamCountry "QAT"]

1. e4 c6 2. d4 d5 3. Nc3 dxe4 4. Nxe4 Bf5 5. Ng3 Bg6 6. h4 h6 7. Nf3 Nd7 8. h5
Bh7 9. Bd3 Bxd3 10. Qxd3 e6 11. Bf4 Qa5+ 12. Bd2 Bb4 13. c3 Be7 14. c4 Qc7 15.
O-O-O Ngf6 16. Kb1 O-O 17. Ne4 c5 18. Bc3 cxd4 19. Nxf6+ Nxf6 20. Bxd4 Rac8 21.
b3 Rfd8 22. Qe2 a6 23. Ne5 Nd7 24. f4 Nxe5 25. Qxe5 Qxe5 26. Bxe5 Rxd1+ 27.
Rxd1 Rd8 28. Rxd8+ Bxd8 29. Bd6 f6 30. Kc2 Kf7 31. Kd3 Be7 32. Bxe7 Kxe7 33. c5
Kd7 34. b4 Kc7 35. a4 Kc6 36. Kc4 Kd7 37. b5 a5 38. Kd4 Kc7 39. Ke4 Kd7 40. Kf3
Kc7 41. g3 Kd7 42. g4 Kc7 43. g5 Kd7 1/2-1/2

[Event "Olimpiada de Khanty-Mansiysk 2010"]
[Site "Khanty-Mansiysk RUS"]
[Date "2010.09.30"]
[Round "9"]
[White "Predojevic, Borki"]
[Black "Galego, Luis"]
[Result "1/2-1/2"]
[WhiteElo "2624"]
[BlackElo "2500"]
[PlyCount "90"]
[EventDate "2010.09.21"]
[EventType "team"]
[EventRounds "11"]
[EventCountry "RUS"]
[Source "lmi"]
[SourceDate "2010.09.21"]
[WhiteTeam "Bosnia Herzegovina"]
[BlackTeam "Portugal"]
[WhiteTeamCountry "BIH"]
[BlackTeamCountry "POR"]

1. Nf3 Nf6 2. g3 d5 3. Bg2 c6 4. c4 dxc4 5. O-O Nbd7 6. Qc2 Nb6 7. a4 a5 8. Na3
Be6 9. Ng5 Qd7 10. Rb1 Nfd5 11. Nxc4 Nb4 12. Nxb6 Nxc2 13. Nxd7 Bxd7 14. Nf3
Bg4 15. d3 Bxf3 16. Bxf3 Nd4 17. b4 Nxf3+ 18. exf3 axb4 19. Rxb4 O-O-O 20. Be3
e6 21. Rb6 Rd7 22. Rfb1 Bd6 23. a5 Rhd8 24. Kg2 c5 25. Kf1 Rc7 26. Ke2 Be5 27.
Bd2 Rd5 28. f4 Bd6 29. R1b5 g6 30. Bc3 Rd7 31. a6 bxa6 32. Rxa6 Rb7 33. Rc6+
Rc7 34. Ra6 Rb7 35. Rc6+ Rc7 36. Rcb6 Ra7 37. Ra5 Rxa5 38. Bxa5 h5 39. h3 Be7
40. Rc6+ Kd7 41. Rc7+ Ke8 42. Rc8+ Kd7 43. Rc7+ Ke8 44. Ra7 Bf6 45. Ra8+ Kd7
1/2-1/2

[Event "Olimpiada de Khanty-Mansiysk 2010"]
[Site "Khanty-Mansiysk RUS"]
[Date "2010.09.30"]
[Round "9"]
[White "Dizdarevic, Emir"]
[Black "Pereira, Ruben"]
[Result "1/2-1/2"]
[WhiteElo "2475"]
[BlackElo "2423"]
[PlyCount "106"]
[EventDate "2010.09.21"]
[EventType "team"]
[EventRounds "11"]
[EventCountry "RUS"]
[Source "lmi"]
[SourceDate "2010.09.21"]
[WhiteTeam "Bosnia Herzegovina"]
[BlackTeam "Portugal"]
[WhiteTeamCountry "BIH"]
[BlackTeamCountry "POR"]

1. Nf3 c5 2. b3 Nf6 3. c4 g6 4. g3 Bg7 5. Bb2 O-O 6. Bg2 Nc6 7. O-O d6 8. d4
Ne4 9. e3 Bg4 10. Qc2 Bf5 11. Qc1 Nb4 12. Rd1 Nf6 13. Ne1 cxd4 14. exd4 d5 15.
a3 Nc6 16. b4 h5 17. Nf3 dxc4 18. Qxc4 Rc8 19. Qe2 Nd5 20. Nbd2 Bg4 21. Nc4 h4
22. Nce5 Nxe5 23. dxe5 e6 24. Qe4 Bxf3 25. Bxf3 hxg3 26. hxg3 Qg5 27. Rac1 a6
28. Qg4 Qxg4 29. Bxg4 Rxc1 30. Rxc1 Rd8 31. Bf3 Kf8 32. Be4 Ke8 33. Kg2 Bh6 34.
Rc2 Kd7 35. Kf3 Rc8 36. Rxc8 Kxc8 37. Ke2 Kd7 38. Kd3 Bf8 39. Bc1 b5 40. f4 Kc7
41. Kd4 Ne7 42. Kd3 Nc6 43. Bf3 a5 44. bxa5 Nxa5 45. Bd1 Bc5 46. g4 Nc6 47. Ke4
Na5 48. Be2 Kc6 49. f5 gxf5+ 50. gxf5 exf5+ 51. Kxf5 Nb3 52. Bb2 Nd4+ 53. Bxd4
Bxd4 1/2-1/2

[Event "Olimpiada de Khanty-Mansiysk 2010"]
[Site "Khanty-Mansiysk RUS"]
[Date "2010.09.30"]
[Round "9"]
[White "Rocha, Sergio"]
[Black "Stojanovic, Dalibor"]
[Result "1/2-1/2"]
[WhiteElo "2438"]
[BlackElo "2496"]
[PlyCount "122"]
[EventDate "2010.09.21"]
[EventType "team"]
[EventRounds "11"]
[EventCountry "RUS"]
[Source "lmi"]
[SourceDate "2010.09.21"]
[WhiteTeam "Portugal"]
[BlackTeam "Bosnia Herzegovina"]
[WhiteTeamCountry "POR"]
[BlackTeamCountry "BIH"]

1. e4 c5 2. Nf3 Nc6 3. d4 cxd4 4. Nxd4 Nf6 5. Nc3 d6 6. g3 Bd7 7. Bg2 Nxd4 8.
Qxd4 Bc6 9. O-O e6 10. Re1 Be7 11. a4 O-O 12. a5 a6 13. Be3 Rc8 14. Na4 Nd7 15.
Qd2 Bxa4 16. Rxa4 Qc7 17. Rc1 Bf6 18. c4 Qb8 19. Ra2 Ne5 20. b3 Nc6 21. Rd1 Bd8
22. f4 Bc7 23. h4 e5 24. h5 b6 25. h6 g6 26. axb6 Bxb6 27. Rxa6 Bd4 28. fxe5
Bxe5 29. Bh3 Rc7 30. Rb6 Qa8 31. Qf2 Rb8 32. Rb5 Rbb7 33. Rf1 Qe8 34. Kh2 Nd8
35. Bb6 Re7 36. b4 Ne6 37. Ra5 Ng5 38. Bg2 Qf8 39. Kg1 Qxh6 40. Bd4 Nh3+ 41.
Bxh3 Qxh3 42. Bxe5 Rxe5 43. Rxe5 dxe5 44. b5 Qe6 45. Qe2 h5 46. Kg2 Rc7 47. Rc1
h4 48. c5 Ra7 49. c6 Ra3 50. c7 Rxg3+ 51. Kh1 Rh3+ 52. Qh2 Qc8 53. b6 Kg7 54.
b7 Qg4 55. c8=Q Rxh2+ 56. Kxh2 Qg3+ 57. Kh1 Qf3+ 58. Kg1 Qg3+ 59. Kf1 Qf3+ 60.
Ke1 Qe3+ 61. Kd1 Qd3+ 1/2-1/2

[Event "Olimpiada de Khanty-Mansiysk 2010"]
[Site "Khanty-Mansiysk RUS"]
[Date "2010.09.30"]
[Round "9"]
[White "Khader, Sami"]
[Black "Megaranto, Susanto"]
[Result "0-1"]
[WhiteElo "2449"]
[BlackElo "2516"]
[PlyCount "80"]
[EventDate "2010.09.21"]
[EventType "team"]
[EventRounds "11"]
[EventCountry "RUS"]
[Source "lmi"]
[SourceDate "2010.09.21"]
[WhiteTeam "Jordania"]
[BlackTeam "Indonesia"]
[WhiteTeamCountry "JOR"]
[BlackTeamCountry "INA"]

1. d4 Nf6 2. c4 e6 3. g3 Bb4+ 4. Bd2 a5 5. Bg2 O-O 6. Nf3 b6 7. O-O Bb7 8. Bf4
Be7 9. Nc3 Ne4 10. Qc2 Nxc3 11. Qxc3 d6 12. Rfd1 Nd7 13. b3 Qe8 14. a3 f5 15.
b4 Bf6 16. Qd2 h6 17. c5 g5 18. Be3 Bd5 19. h4 gxh4 20. Bxh6 hxg3 21. cxd6 cxd6
22. Qf4 Rf7 23. fxg3 Rh7 24. Kf2 Qg6 25. Bg5 axb4 26. Bh4 bxa3 27. Qxd6 a2 28.
Rdc1 Qg7 29. Qf4 Qg4 30. e3 Qxf4 31. exf4 Bxf3 32. Bxf3 Bxd4+ 33. Kg2 Bxa1 34.
Rxa1 Ra3 35. Be2 Nc5 36. Bc4 Ra4 37. Bxa2 Rha7 38. Bxe6+ Nxe6 39. Rd1 Kf7 40.
Rd6 Rb7 0-1

[Event "Olimpiada de Khanty-Mansiysk 2010"]
[Site "Khanty-Mansiysk RUS"]
[Date "2010.09.30"]
[Round "9"]
[White "Purnama, Tirta Chandra"]
[Black "Samhouri, Ahmad Fawzi"]
[Result "0-1"]
[WhiteElo "2400"]
[BlackElo "2372"]
[PlyCount "140"]
[EventDate "2010.09.21"]
[EventType "team"]
[EventRounds "11"]
[EventCountry "RUS"]
[Source "lmi"]
[SourceDate "2010.09.21"]
[WhiteTeam "Indonesia"]
[BlackTeam "Jordania"]
[WhiteTeamCountry "INA"]
[BlackTeamCountry "JOR"]

1. d4 Nf6 2. c4 e6 3. Nf3 b6 4. a3 Bb7 5. Nc3 d5 6. cxd5 Nxd5 7. Qc2 Be7 8. e4
Nxc3 9. bxc3 O-O 10. Bd3 c5 11. O-O Qc8 12. Qe2 Ba6 13. Bf4 Bxd3 14. Qxd3 Qa6
15. Qb1 Nd7 16. Rd1 cxd4 17. cxd4 Rac8 18. d5 exd5 19. exd5 Bf6 20. Ra2 Qc4 21.
Be3 Rfd8 22. Rad2 Nc5 23. Bd4 Nb3 24. Bxf6 gxf6 25. Rb2 Rxd5 26. Re1 Rd3 27.
Rbe2 Nd4 28. Nxd4 Qxd4 29. Re4 Qd6 30. a4 Rd8 31. h3 Rd1 32. Qb5 Rxe1+ 33. Rxe1
Qd2 34. Re4 Rd5 35. Qe8+ Kg7 36. Qc8 Re5 37. Rg4+ Rg5 38. Re4 Re5 39. Rg4+ Rg5
40. Re4 Qd1+ 41. Kh2 Qf1 42. Rg4 Qxf2 43. Qd7 a5 44. Qd1 Qf5 45. Rd4 Qe5+ 46.
Kh1 Qg3 47. Qf1 Qe5 48. Rf4 Rg3 49. Rf5 Qd6 50. Rf3 Rg5 51. Rd3 Qb4 52. Rf3 Qd6
53. Rd3 Qc6 54. Rf3 h5 55. Qf2 Qxa4 56. Qxb6 Qa1+ 57. Kh2 a4 58. Rf2 Qc3 59.
Rf3 Qe5+ 60. Kh1 Qe6 61. Qa7 Qe1+ 62. Kh2 Qe5+ 63. Kh1 Qb2 64. Rf2 Qc1+ 65. Kh2
a3 66. Qe7 Qc3 67. Qd6 h4 68. Qb6 Rd5 69. Rf1 Rd2 70. Qb1 Qb2 0-1

[Event "Olimpiada de Khanty-Mansiysk 2010"]
[Site "Khanty-Mansiysk RUS"]
[Date "2010.09.30"]
[Round "9"]
[White "Mansour, Sameer"]
[Black "Novita, Anjas"]
[Result "1/2-1/2"]
[WhiteElo "2283"]
[BlackElo "2356"]
[PlyCount "72"]
[EventDate "2010.09.21"]
[EventType "team"]
[EventRounds "11"]
[EventCountry "RUS"]
[Source "lmi"]
[SourceDate "2010.09.21"]
[WhiteTeam "Jordania"]
[BlackTeam "Indonesia"]
[WhiteTeamCountry "JOR"]
[BlackTeamCountry "INA"]

1. Nf3 c5 2. c4 Nc6 3. d4 cxd4 4. Nxd4 g6 5. e4 Bg7 6. Be3 Nf6 7. Nc3 d6 8. Be2
Bd7 9. O-O Rc8 10. Qd2 O-O 11. f3 Qc7 12. Rac1 Qb8 13. Nd5 Nxd5 14. cxd5 Nxd4
15. Bxd4 Bxd4+ 16. Qxd4 Rxc1 17. Rxc1 Rc8 18. Rc3 Rxc3 19. Qxc3 Qc8 20. Qxc8+
Bxc8 21. f4 h6 22. Kf2 g5 23. Ke3 Kg7 24. f5 Bd7 25. Kd4 Kf6 26. g4 Be8 27. Bc4
h5 28. h3 h4 29. b3 Bd7 30. a4 a5 31. Bd3 e5+ 32. Kc3 Ke7 33. Bb5 Bxb5 34. axb5
b6 35. Kb2 f6 36. Kc3 Kd7 1/2-1/2

[Event "Olimpiada de Khanty-Mansiysk 2010"]
[Site "Khanty-Mansiysk RUS"]
[Date "2010.09.30"]
[Round "9"]
[White "Irwanto, Sadikin"]
[Black "Samhouri, Bilal"]
[Result "0-1"]
[WhiteElo "2419"]
[BlackElo "2269"]
[PlyCount "94"]
[EventDate "2010.09.21"]
[EventType "team"]
[EventRounds "11"]
[EventCountry "RUS"]
[Source "lmi"]
[SourceDate "2010.09.21"]
[WhiteTeam "Indonesia"]
[BlackTeam "Jordania"]
[WhiteTeamCountry "INA"]
[BlackTeamCountry "JOR"]

1. d4 d5 2. Nf3 Nf6 3. c4 e6 4. Nc3 Bb4 5. cxd5 exd5 6. Bg5 Nbd7 7. e3 c5 8.
Bd3 Qa5 9. O-O Bxc3 10. bxc3 c4 11. Bf5 O-O 12. Qc2 Re8 13. Nd2 Qa6 14. e4 g6
15. Bxd7 Bxd7 16. e5 Bf5 17. Qc1 Nh5 18. Re1 Ng7 19. Nf1 b5 20. Ng3 Bd3 21. Bf6
Re6 22. Qh6 Ne8 23. Bg5 f5 24. exf6 Nxf6 25. Bxf6 Rxe1+ 26. Rxe1 Qxf6 27. Nh5
Qf7 28. Ng3 Rf8 29. f3 a5 30. Qg5 Bf5 31. a3 Qf6 32. Qf4 Bd3 33. Qc7 b4 34.
Qxa5 bxc3 35. Qxc3 Rb8 36. Kh1 Qb6 37. h3 Qb2 38. Qa5 Qxd4 39. Qc7 Rf8 40. Qd7
c3 41. Ne4 Bxe4 42. fxe4 c2 43. exd5 Qd2 44. Qe6+ Kg7 45. Qe5+ Kh6 46. Qe7 Rf7
47. Qh4+ Kg7 0-1

[Event "Olimpiada de Khanty-Mansiysk 2010"]
[Site "Khanty-Mansiysk RUS"]
[Date "2010.09.30"]
[Round "9"]
[White "Can, Emre"]
[Black "Sakr, Nassim"]
[Result "1-0"]
[WhiteElo "2500"]
[BlackElo "2177"]
[PlyCount "65"]
[EventDate "2010.09.21"]
[EventType "team"]
[EventRounds "11"]
[EventCountry "RUS"]
[Source "lmi"]
[SourceDate "2010.09.21"]
[WhiteTeam "Turquía"]
[BlackTeam "Líbano"]
[WhiteTeamCountry "TUR"]
[BlackTeamCountry "LBN"]

1. e4 b6 2. d4 Bb7 3. Bd3 Nf6 4. Qe2 Nc6 5. c3 e5 6. d5 Ne7 7. Na3 c6 8. c4 Ng6
9. Nc2 h6 10. h4 Bc5 11. h5 Ne7 12. b4 Bd6 13. Bb2 cxd5 14. cxd5 O-O 15. Nf3
Nxe4 16. Qxe4 f5 17. Qe3 e4 18. Qd4 Rf7 19. Be2 exf3 20. Bxf3 Ba6 21. g3 Rc8
22. Na3 Kh8 23. Kd1 Ng8 24. Rc1 Nf6 25. Rxc8 Qxc8 26. Re1 Qf8 27. Nc2 Re7 28.
Rxe7 Qxe7 29. a3 Ne4 30. g4 Bf4 31. gxf5 Bd3 32. Ne1 Bb1 33. Bxe4 1-0

[Event "Olimpiada de Khanty-Mansiysk 2010"]
[Site "Khanty-Mansiysk RUS"]
[Date "2010.09.30"]
[Round "9"]
[White "El Jawich, Amro"]
[Black "Yilmaz, Mustafa"]
[Result "1/2-1/2"]
[WhiteElo "2105"]
[BlackElo "2482"]
[PlyCount "71"]
[EventDate "2010.09.21"]
[EventType "team"]
[EventRounds "11"]
[EventCountry "RUS"]
[Source "lmi"]
[SourceDate "2010.09.21"]
[WhiteTeam "Líbano"]
[BlackTeam "Turquía"]
[WhiteTeamCountry "LBN"]
[BlackTeamCountry "TUR"]

1. e4 c5 2. Nc3 d6 3. f4 Nc6 4. Bb5 Bd7 5. Nf3 g6 6. O-O Bg7 7. d3 a6 8. Bxc6
Bxc6 9. Qe1 Qd7 10. Rb1 Nh6 11. Bd2 f5 12. Ng5 Nf7 13. Nxf7 Kxf7 14. Nd5 Rag8
15. Bc3 e6 16. Bxg7 Rxg7 17. Nc3 d5 18. exd5 exd5 19. Qf2 d4 20. Ne2 Re8 21.
Rfe1 Kg8 22. Ng3 Rge7 23. b3 Qc7 24. Nf1 b5 25. Rxe7 Qxe7 26. Nd2 Qb7 27. b4
Re6 28. Re1 Rxe1+ 29. Qxe1 cxb4 30. Qe6+ Kg7 31. Qe5+ Kf7 32. Qh8 h5 33. Qh7+
Kf6 34. Qh8+ Qg7 35. Qd8+ Qe7 36. Qh8+ 1/2-1/2

[Event "Olimpiada de Khanty-Mansiysk 2010"]
[Site "Khanty-Mansiysk RUS"]
[Date "2010.09.30"]
[Round "9"]
[White "Erdogdu, Mert"]
[Black "Kassis, Antoine"]
[Result "1/2-1/2"]
[WhiteElo "2428"]
[BlackElo "2236"]
[PlyCount "86"]
[EventDate "2010.09.21"]
[EventType "team"]
[EventRounds "11"]
[EventCountry "RUS"]
[Source "lmi"]
[SourceDate "2010.09.21"]
[WhiteTeam "Turquía"]
[BlackTeam "Líbano"]
[WhiteTeamCountry "TUR"]
[BlackTeamCountry "LBN"]

1. e4 c5 2. Nf3 d6 3. d4 cxd4 4. Nxd4 Nf6 5. Nc3 Nc6 6. Bg5 Bd7 7. Bc4 Qa5 8.
Bxf6 gxf6 9. Nb3 Qb4 10. Bb5 d5 11. exd5 Ne5 12. Bxd7+ Nxd7 13. O-O Rg8 14. Re1
O-O-O 15. Re4 Qb6 16. Qh5 Rg6 17. a4 a6 18. a5 Qd6 19. g3 Kb8 20. Nd2 Ne5 21.
Nc4 Nxc4 22. Rxc4 Bh6 23. Rd1 Bg5 24. Qf3 Qe5 25. d6 Rxd6 26. Re4 Qc5 27. Na4
Rxd1+ 28. Qxd1 Qxa5 29. Qd7 f5 30. Rc4 Rd6 31. Qc8+ Ka7 32. Nc5 Qb5 33. Nd3 Rc6
34. Rxc6 Qxc6 35. Qxf5 Qxc2 36. Qxg5 Qxd3 37. Qxe7 Qb1+ 38. Kg2 Qxb2 39. Qxf7
Qc2 40. g4 a5 41. Qe7 a4 42. Qb4 Ka6 43. h4 Qb3 1/2-1/2